Η παρεξήγηση

Αποθηκεύτηκε σε:
Λεπτομέρειες βιβλιογραφικής εγγραφής
Κύριος συγγραφέας: Camus, Albert, 1913-1960
Άλλοι συγγραφείς: Μουδατσάκις, Τηλέμαχος Ε. (Μεταφραστής)
Μορφή: Βιβλίο
Γλώσσα:Greek
French
Δημοσίευση: Αθήνα : Μπουκουμάνη, 1973.
Θέματα:
Ετικέτες: Προσθήκη ετικέτας
Δεν υπάρχουν, Καταχωρήστε ετικέτα πρώτοι!

MARC

LEADER 00000cam a2200000 i 4500
001 1/50591
008 941103s1973 gr | ||| |||| ||gre||
035 |a 1992  |c ΔΩΡΕΑ  |l 10043917 
040 |a GR-MyUA  |b gre  |e AACR2 
041 1 |a gre  |h fre 
082 0 |a 842 
100 1 |a Camus, Albert,  |d 1913-1960. 
245 1 2 |a Η παρεξήγηση /   |c Albert Camus ; ελληνικό κείμενο Τηλέμαχος Ε. Μουδατσάκης.  
260 |a Αθήνα :   |b Μπουκουμάνη,   |c 1973.  
300 |a 117 σ. ;   |c 19 εκ.  
500 |a Τίτλος πρωτοτύπου: Le malentendu.  
650 0 0 |a French drama. 
700 1 |a Μουδατσάκις, Τηλέμαχος Ε.  |e trl 
852 |a INST  |b SAMOS  |e 19941103  |h 842 CAM  |p 005300000555  |q 005300000555  |t BK  |y 0 
909 |a Σ  |b 023756